[Event "RUS-chT Premier 2019"]
[Site "Sochi"]
[Date "2019.05.08"]
[Round "7.28"]
[White "Ponkratov, Pavel"]
[Black "Lysyj, Igor"]
[Result "1/2-1/2"]
[WhiteElo "2640"]
[BlackElo "2642"]
[Annotator "TA"]
[PlyCount "51"]
[EventDate "2019.04.30"]
[EventType "team-tourn"]
[EventCountry "RUS"]
[SourceTitle "playchess.com"]
[Source "ChessBase"]
[SourceQuality "1"]

{[%evp 16,51,24,13,17,25,33,23,35,27,27,0,0,0,0,0,0,0,0,10,13,-35,-29,-25,-32,-26,-25,-30,-30,-25,-35,-37,0,-6,0,0,0,-18]} 1. e4 e6 2. d4 d5 3. Nc3 Nf6 4. e5 Nfd7 5. f4 c5 6. Nf3 Nc6 7. Be3 Be7 8. Qd2 O-O 9. dxc5 Bxc5 {C11: French: Classical System: 4 e5 and 4 Bg5 dxe4} (9... Nxc5 10. O-O-O a6 11. h4 b5 12. Bd3 b4 13. Bxc5 Bxc5 14. Na4 Ba7 15. Qe2 f5 16. g4 Ne7 17. Ng5 {0-1 (45) Caruana,F (2828)-Nyzhnyk,I (2638) chess.com INT 2019}) 10. O-O-O Qa5 11. a3 Be7 {White has an edge.} 12. Kb1 a6 13. h4 b5 14. Nd4 Qc7 $1 15. h5 b4 $146 ({Predecessor:} 15... Rb8 16. Rh3 b4 17. axb4 Nxb4 {0-1 (30) Tarrio Ocana,F (2368)-Petrov,M (2326) ICCF email 2012}) 16. axb4 Bxb4 17. Rh3 Rb8 18. h6 {[#] Black must now prevent hxg7.} g6 19. Nxc6 Qxc6 20. Ba7 Rb7 21. Bd4 a5 22. g4 Rb8 23. Ba7 Rb7 (23... Ra8 $5 {[%cal Ra8a7]} 24. Bf2 Rb8 $11) 24. Bd4 {The position is equal.} Rb8 25. Ba7 Rb7 26. Bd4 {Accuracy: White = 78%, Black = 77%.} 1/2-1/2

[Event "RUS-chT Premier 2019"]
[Site "Sochi"]
[Date "2019.05.08"]
[Round "7.29"]
[White "Sarana, Alexey"]
[Black "Alekseenko, Kirill"]
[Result "1/2-1/2"]
[WhiteElo "2636"]
[BlackElo "2636"]
[Annotator "TA"]
[PlyCount "65"]
[EventDate "2019.04.30"]
[EventType "team-tourn"]
[EventCountry "RUS"]
[SourceTitle "playchess.com"]
[Source "ChessBase"]
[SourceQuality "1"]

{[%evp 29,65,4,12,13,33,11,13,0,0,0,0,0,0,0,0,0,0,0,0,0,0,0,0,0,0,0,0,0,0,0,0,0,0,0,0,0,0,0]} 1. e4 e5 2. Nf3 Nc6 3. Bb5 a6 4. Ba4 Nf6 5. O-O Be7 6. Re1 b5 7. Bb3 d6 8. c3 O-O 9. h3 Bb7 10. d4 Re8 11. Nbd2 Bf8 12. a3 h6 13. Bc2 Nb8 14. b4 Nbd7 15. Bb2 a5 16. Bd3 {C93: Closed Ruy Lopez: Smyslov Variation} (16. dxe5 dxe5 17. Qe2 c6 18. Nb3 axb4 19. cxb4 Qb6 20. Bd3 Nh5 21. Qe3 Nf4 22. Bf1 Qxe3 23. Rxe3 Rad8 {1-0 (50) Zhigalko,S (2678)-Saric,I (2671) Tromsoe 2014}) 16... c6 17. Nb3 axb4 {The position is equal.} 18. cxb4 exd4 19. Nfxd4 c5 20. Nxb5 Ne5 {[#]} 21. Bf1 $146 ({Predecessor:} 21. Rc1 cxb4 22. axb4 Nxd3 23. Bxf6 Qxf6 24. Qxd3 Ba6 25. Qd5 Bxb5 26. Qxb5 Reb8 27. Qd5 Ra4 28. b5 {½-½ (28) Schinke,A (2504)-Cotos,V (2311) ICCF email 2007}) 21... cxb4 22. axb4 Rxa1 23. Bxa1 Nxe4 24. Nd2 Nxd2 ({Don't play} 24... Nxf2 $6 25. Kxf2 Qh4+ 26. Kg1 $16) 25. Qxd2 Nf3+ 26. gxf3 Rxe1 27. Qxe1 Qg5+ 28. Kh1 Bxf3+ 29. Kh2 {[#] Qe3 is the strong threat.} Qf4+ 30. Kg1 {Hoping for Qe3.} Qg5+ 31. Kh2 {And now Qe3 would win.} Qf4+ 32. Kg1 {Strongly threatening Qe3.} Qg5+ 33. Kh2 1/2-1/2

[Event "RUS-chT Premier 2019"]
[Site "Sochi"]
[Date "2019.05.08"]
[Round "7.30"]
[White "Goganov, Aleksey"]
[Black "Khismatullin, Denis"]
[Result "1/2-1/2"]
[WhiteElo "2570"]
[BlackElo "2619"]
[Annotator "TA"]
[PlyCount "80"]
[EventDate "2019.04.30"]
[EventType "team-tourn"]
[EventCountry "RUS"]
[SourceTitle "playchess.com"]
[Source "ChessBase"]
[SourceQuality "1"]

{[%evp 25,80,5,10,10,12,11,11,11,10,8,12,11,10,12,12,12,18,0,0,0,0,2,177,16,13,0,0,0,0,0,0,0,0,0,0,0,0,0,0,0,0,0,0,0,0,0,0,0,0,0,0,0,0,0,0,0,0]} 1. d4 Nf6 2. c4 e6 3. Nf3 d5 4. Nc3 c6 5. e3 Nbd7 6. Qc2 Bd6 7. Bd3 O-O 8. O-O dxc4 9. Bxc4 b5 10. Bd3 Bb7 11. e4 e5 12. dxe5 $146 ({Predecessor:} 12. h3 a6 13. dxe5 Nxe5 14. Nxe5 {½-½ (27) Mareco,S (2583)-Shirov,A (2698) Buenos Aires 2012}) 12... Nxe5 13. Nxe5 Bxe5 14. h3 {D46: Semi-Slav: 5 e3 Nbd7 6 Bd3, Black avoids the Meran} a6 15. Be3 c5 16. Bxc5 Re8 {White should prevent ...Rc8.} 17. Rad1 {[#] Bxb5 is the strong threat.} Qc7 $1 {[%cal Rc7c5]} 18. Nd5 Nxd5 19. exd5 {And now d6 would win.} g6 20. Be4 a5 $1 21. a3 Rac8 22. b4 axb4 23. axb4 Bh2+ 24. Kh1 {[#] Hoping for g3.} Bd6 {The position is equal.} 25. Rc1 Bxc5 $1 26. bxc5 {Threatens to win with Bf3.} Qe5 $1 27. Rfe1 {Strongly threatening Bf3.} Bxd5 28. Bxd5 Qxd5 29. Rxe8+ Rxe8 $11 {[%mdl 4096] Endgame KQR-KQR} 30. c6 {aiming for Rd1.} Rc8 31. Qc5 Qxc5 32. Rxc5 {KR-KR} b4 33. g4 b3 34. Rb5 Rxc6 35. Rxb3 Kg7 36. Kg2 Rc5 37. Ra3 h5 38. Kg3 hxg4 39. hxg4 g5 40. f3 Kg6 {Accuracy: White = 79%, Black = 100%.} 1/2-1/2

[Event "RUS-chT Premier 2019"]
[Site "Sochi"]
[Date "2019.05.09"]
[Round "8.1"]
[White "Usmanov, Vasily"]
[Black "Vitiugov, Nikita"]
[Result "1/2-1/2"]
[WhiteElo "2437"]
[BlackElo "2734"]
[Annotator "TA"]
[PlyCount "120"]
[EventDate "2019.05.01"]
[EventType "team-tourn"]
[EventCountry "RUS"]
[SourceTitle "playchess.com"]
[Source "ChessBase"]
[SourceQuality "1"]

{[%evp 9,120,21,53,43,91,74,95,75,78,62,92,95,100,51,72,68,42,14,16,6,93,88,86,101,114,41,46,46,27,35,28,32,37,29,36,37,26,37,20,23,100,90,151,104,122,104,110,110,110,110,110,110,110,110,110,110,110,110,111,111,111,111,118,118,118,118,118,118,118,118,118,118,111,104,111,104,104,104,104,104,104,104,104,104,104,99,99,0,104,99,157,99,99,99,99,99,108,99,100,59,59,59,59,30,52,30,30,30,50,41,64,0,64]} 1. Nf3 e6 2. g3 b5 3. Bg2 Bb7 4. O-O Nf6 5. d3 g6 (5... Be7 6. e4 d6 7. Nfd2 e5 8. a4 a6 9. Nc3 c6 10. f4 Nbd7 11. Nf3 O-O 12. h3 Qc7 13. g4 Ne8 14. Ne2 exf4 15. Bxf4 {0-1 (45) Grischuk,A (2771)-Maghsoodloo,P (2688) St Petersburg 2018}) 6. c3 $146 {A05: Réti Opening: 1 Nf3 Nf6} ({Predecessor:} 6. e4 d6 7. a4 b4 8. e5 dxe5 9. Nxe5 Bxg2 10. Kxg2 Qd5+ 11. Qf3 Qxf3+ 12. Kxf3 Nfd7 13. Nxd7 Nxd7 {½-½ (44) Zarubitski,V (2435)-Zhuk,I (2144) Rogachev 2018}) 6... Na6 7. b4 {[%cal Bb2b4,Bb4b5,Bb5a6][%mdl 32]} c5 8. a4 {White is better.} bxa4 9. b5 Nc7 10. c4 Bg7 11. Bb2 O-O 12. Nc3 d6 13. Rxa4 a6 14. bxa6 Bc6 (14... Rxa6 $11 15. Rxa6 Nxa6) 15. a7 $16 Bxa4 16. Qxa4 Qd7 17. Qa2 ({White should try} 17. Qa5 $1 $16) 17... Na6 $14 18. Qxa6 Rxa7 19. Qb5 $1 {[%cal Rb5b3] Strongly threatening Qb3.} Rb7 20. Qxd7 Nxd7 21. Ba1 Ra7 22. d4 Rfa8 23. Bb2 Rb8 24. Nb5 Ra2 (24... Ra6 $11 {remains equal.}) 25. Bc1 $1 $16 Rxe2 (25... cxd4 $142 26. Nfxd4 Bxd4) 26. Be3 Rc2 27. Nxd6 cxd4 28. Nxd4 Bxd4 29. Bxd4 Rd2 30. Ba7 Rxd6 31. c5 $1 ({But not} 31. Bxb8 $6 Nxb8 32. c5 Rd2 $11) 31... Ra6 32. Bxb8 Nxb8 {[%mdl 4096] Endgame KRB-KRN} 33. Bb7 Ra5 34. c6 $1 {[%cal Rc6c7]} Rc5 {[#]} 35. Ra1 $1 {[%cal Ra1a8]} Nxc6 36. Ra8+ Kg7 37. Rc8 Na5 38. Rxc5 Nxb7 {KR-KN} 39. Rc6 Na5 40. Rc3 Nb7 41. h4 h5 42. Kg2 Nd6 43. Kf3 Kf6 44. Rc5 e5 45. Rc6 Ke6 46. Ra6 Kd5 47. Ke3 Nf5+ 48. Kf3 Nd6 $1 49. Kg2 Ke6 {[#]} (49... e4 $142 50. Ra7 Ke6) 50. Kh3 ({White should play} 50. f3 $1) 50... Kd5 51. Kh2 Ke6 52. Kg2 Kd5 53. Kh3 Ke6 54. g4 hxg4+ $1 55. Kxg4 {Kg5 is the strong threat.} f6 56. f3 Kd5 57. Ra5+ Ke6 58. Ra7 {Black must now prevent Rg7.} Nf5 59. Ra6+ Kf7 60. Ra7+ Ke6 $1 {Accuracy: White = 46%, Black = 74%.} 1/2-1/2

[Event "RUS-chT Premier 2019"]
[Site "Sochi"]
[Date "2019.05.09"]
[Round "8.2"]
[White "Dominguez Perez, Leinier"]
[Black "Shubin, Kirill"]
[Result "1-0"]
[WhiteElo "2750"]
[BlackElo "2404"]
[Annotator "TA"]
[PlyCount "65"]
[EventDate "2019.05.01"]
[EventType "team-tourn"]
[EventCountry "RUS"]
[SourceTitle "playchess.com"]
[Source "ChessBase"]
[SourceQuality "1"]

{[%evp 12,65,25,14,6,16,24,22,20,35,32,32,34,29,31,25,27,35,36,36,11,26,29,43,37,43,20,21,70,68,137,133,154,135,145,148,164,143,175,157,195,160,262,254,265,233,291,258,299,278,275,278,298,265,251,175]} 1. e4 e6 2. d4 d5 3. Nc3 Bb4 4. e5 c5 5. a3 Ba5 6. b4 cxd4 7. Qg4 Kf8 {C18: French: 3 Nc3 Bb4: Main line: 7 h4 and 7 Qg4} 8. Nb5 Bb6 9. Nf3 ({But not} 9. Nxd4 Qc7 $15) 9... Nc6 {The position is equal.} 10. Bb2 Nge7 11. Nbxd4 h5 12. Qf4 Ng6 13. Nxc6 bxc6 14. Qg3 {[#]} h4 $146 ({Predecessor:} 14... a5 15. Bd3 {1-0 (40) Naiditsch,A (2721)-Tregubov,P (2588) Douglas 2018}) 15. Qg4 $1 h3 16. g3 c5 17. Bd3 Ne7 18. bxc5 Bxc5 19. O-O a5 20. Ng5 Nf5 {[#]} (20... Kg8 $14) 21. Nxf7 $1 $16 {[%mdl 512]} Kxf7 22. Bxf5 $1 Qf8 23. Bd3 Kg8 24. a4 Bd7 25. Bc1 Rb8 26. Bd2 Bb4 {[#]} (26... Bd4 $16) 27. c3 $1 $18 {[%cal Rc3b4]} Bc5 28. Be3 Rb3 {[#]} 29. Bb5 $1 {[%mdl 512] White has a decisive advantage.} Bc8 (29... Bxb5 30. axb5) 30. Bd4 Rh6 31. Rab1 Ra3 32. Be2 Bxd4 33. Qxd4 {Accuracy: White = 98%, Black = 39%.} 1-0

[Event "RUS-chT Premier 2019"]
[Site "Sochi"]
[Date "2019.05.09"]
[Round "8.3"]
[White "Saveliev, Alexei"]
[Black "Rodshtein, Maxim"]
[Result "0-1"]
[WhiteElo "2367"]
[BlackElo "2699"]
[Annotator "TA"]
[PlyCount "64"]
[EventDate "2019.05.01"]
[EventType "team-tourn"]
[EventCountry "RUS"]
[SourceTitle "playchess.com"]
[Source "ChessBase"]
[SourceQuality "1"]

{[%evp 11,64,18,61,10,16,0,15,8,0,-7,-14,-19,-2,-36,-50,-47,-42,-54,-20,-45,-34,-18,-22,-32,-27,-23,-23,-34,0,-4,0,-98,-107,-224,-205,-472,-268,-249,-265,-481,-475,-869,-868,-867,-858,-722,-440,-425,-424,-553,-553,-533,-527,-556,-435]} 1. e4 c6 2. d4 d5 3. exd5 cxd5 4. Bd3 Nc6 5. c3 Qc7 6. h3 g6 7. Nf3 {B13: Caro-Kann: Exchange Variation and Panov-Botvinnik Attack} (7. Ne2 $14) (7. Qc2 f6 8. Ne2 e5 9. O-O Nge7 10. dxe5 fxe5 11. c4 e4 12. Bxe4 dxe4 13. Nbc3 Bg7 14. Nd5 Qd6 {0-1 (29) Aronian,L (2767)-Howell,D (2685) Caleta 2019}) 7... Bf5 $11 8. Bxf5 gxf5 9. O-O {The position is equal.} e6 10. Re1 Nf6 11. Ne5 Nxe5 12. dxe5 (12. Bf4 $5 {[%cal Rf4e5]}) 12... Ne4 13. Be3 Rg8 $146 ({Predecessor:} 13... Bg7 14. Bd4 Rg8 15. Qe2 a6 {0-1 (62) Serpa,R (1931)-Rodi,L (2353) Rio de Janeiro 2013}) 14. Bd4 Be7 15. Nd2 Rg6 16. Nxe4 dxe4 17. Qa4+ Kf8 18. Rad1 a6 19. c4 Rc8 20. b3 $1 Rd8 21. Bc3 (21. Be3 $1 $11 {remains equal.}) 21... f4 $17 22. Kf1 {[#]} (22. c5 $17 Rxd1 23. Rxd1 Qxc5 24. Rc1) 22... e3 $1 $19 {[%mdl 512]} 23. Rd4 $2 (23. fxe3 {keeps fighting.} fxe3 24. a3) 23... Rxd4 (23... Bc5 $142 24. Rxf4 exf2 25. Rxf2 Bxf2 26. Kxf2 Rd3) 24. Bxd4 {[#]} exf2 $1 25. Bxf2 $2 {[#]} (25. Re2 b6 26. Rxf2) 25... Qd8 $1 {[%cal Rd8d3] Threatens to win with ...Qd3+.Black is clearly winning.} 26. c5 (26. b4 $142 Qd3+ {[%mdl 64] Double Attack} 27. Re2) 26... Qd3+ 27. Re2 {[#]} f3 $1 {[%mdl 512]} 28. gxf3 Qd1+ 29. Re1 Qxf3 {Hoping for ...Rg2.} ({Don't do} 29... Qd3+ 30. Re2 $19) 30. Qe4 Qxh3+ 31. Ke2 Rg2 32. Qf3 Qh2 {Accuracy: White = 22%, Black = 70%.} 0-1

[Event "RUS-chT Premier 2019"]
[Site "Sochi"]
[Date "2019.05.09"]
[Round "8.4"]
[White "Najer, Evgeniy"]
[Black "Timerkhanov, Alexander"]
[Result "1-0"]
[WhiteElo "2674"]
[BlackElo "2366"]
[Annotator "TA"]
[PlyCount "69"]
[EventDate "2019.05.01"]
[EventType "team-tourn"]
[EventCountry "RUS"]
[SourceTitle "playchess.com"]
[Source "ChessBase"]
[SourceQuality "1"]

{[%evp 21,69,39,43,22,27,20,25,22,20,-19,71,11,72,70,72,54,135,131,297,294,391,396,422,410,368,287,29980,609,29981,29982,29982,29983,29987,29984,29982,2116,29987,29988,29988,29989,29989,29990,29991,29992,29992,29989,29994,29995,29995,260]} 1. e4 c5 2. Nf3 d6 3. d4 cxd4 4. Nxd4 Nf6 5. Nc3 a6 6. g3 g6 7. Bg2 Bg7 8. h3 O-O 9. O-O Bd7 10. Be3 Nc6 11. Nde2 Rc8 12. b3 {B70: Sicilian Dragon: 6 g3 and 6 Be2 (without a later Be3)} Nb8 $146 ({Predecessor:} 12... b5 13. Nd5 Be6 14. Qd2 Ne5 15. f4 Ned7 16. Nd4 Nc5 17. Nxe6 Nxe6 18. Rac1 Nc5 19. Nxf6+ Bxf6 {½-½ (98) Grischuk,A (2767)-Nepomniachtchi,I (2751) Moscow 2018}) 13. Rc1 Qa5 14. Bd2 {White has an edge.} Qc7 15. g4 h6 (15... e6 $11) 16. Ng3 (16. Nd5 $16 Nxd5 17. exd5) 16... Rfe8 (16... e6 $11) 17. Nd5 $16 Nxd5 18. exd5 Bb2 (18... a5 $14) 19. c4 Bxc1 $2 (19... Bg7 $16 {was worth a try.} 20. Re1 b5) 20. Qxc1 $18 b5 {[%cal Rb5c4]} 21. Bc3 Kh7 22. Qf4 {[%cal Rf4f7]} Rf8 {[%cal Rb5c4]} 23. Bd2 Be8 $2 (23... g5 $18 24. Qe4+ Kg8) 24. Qxh6+ {[%mdl 64] Double Attack} Kg8 {[#]} 25. Nh5 $1 {[%mdl 512]} gxh5 26. Qg5+ Kh8 27. Qxh5+ Kg8 28. Qg5+ (28. Be4 $142 f5 29. Qg5+ Kh7 30. Bc3 Bg6 31. Bxf5 e5 32. dxe6 Rxf5 33. gxf5) 28... Kh8 29. Be4 {White mates.} f5 30. Bc3+ Rf6 31. Qxf5 {[%csl Ge4][%cal Rf5h7][%mdl 64] [#] Pin} Kg8 32. Qh7+ Kf8 33. g5 Nd7 34. Qh8+ {[%mdl 64] Double Attack} Kf7 35. g6+ {Accuracy: White = 65%, Black = 32%.} 1-0

[Event "RUS-chT Premier 2019"]
[Site "Sochi"]
[Date "2019.05.09"]
[Round "8.5"]
[White "Askerov, Marat"]
[Black "Alekseenko, Kirill"]
[Result "0-1"]
[WhiteElo "2315"]
[BlackElo "2636"]
[Annotator "RC"]
[PlyCount "54"]
[EventDate "2019.05.01"]
[EventType "team-tourn"]
[EventCountry "RUS"]
[SourceTitle "playchess.com"]
[Source "ChessBase"]
[SourceQuality "1"]
[TimeControl "40/5400+30:1800+30"]

1. d4 {[%emt 0:00:00]} e6 {[%emt 0:00:03]} 2. c4 {[%emt 0:00:47]} Bb4+ {[%emt 0:00:26]} 3. Bd2 {[%emt 0:00:40]} a5 {[%emt 0:00:18]} 4. Nf3 {[%emt 0:03:49]} d6 {[%emt 0:00:57]} 5. a3 {[%emt 0:08:24]} Bxd2+ {[%emt 0:00:26]} 6. Qxd2 {[%emt 0:00:04]} Nf6 {[%emt 0:06:21]} 7. Nc3 {[%emt 0:00:09]} O-O {[%emt 0:02:09]} 8. e4 {[%emt 0:07:59]} Nc6 {[%emt 0:02:29]} 9. Rd1 {[%emt 0:05:17]} d5 {[%emt 0:32:26]} 10. Bd3 {[%emt 0:17:12]} dxc4 {[%emt 0:00:16]} 11. Bxc4 {[%emt 0:00:08]} Ne7 {[%emt 0:00:18]} 12. O-O {[%emt 0:01:09]} b6 {[%emt 0:00:22]} 13. d5 {[%emt 0:07:36]} Ng6 {[%emt 0:12:38]} 14. e5 {[%emt 0:09:12]} Ng4 {[%emt 0:04:26]} 15. Qd4 {[%emt 0:02:41]} Nh6 {[%emt 0:03:18]} 16. Nb5 {[%emt 0:10:02]} Nf5 {[%emt 0:05:23]} 17. Qc3 {[%emt 0:00:43]} Qe7 {[%emt 0:00:58]} 18. dxe6 {[%emt 0:03:24]} fxe6 {[%emt 0:00:15]} 19. Nxc7 {[%emt 0:01:52]} Rb8 {[%emt 0:00:04]} 20. Nb5 {[%emt 0:06:01]} Bb7 {[%emt 0:00:30]} 21. Nbd4 {[%emt 0:01:08]} Nf4 {[%emt 0:01:05]} 22. Nxf5 {[%emt 0:07:33]} Rxf5 {[%emt 0:00:23]} 23. Rd6 {[%emt 0:02:03]} b5 {[%emt 0:05:53]} 24. Bxe6+ {[%emt 0:00:53]} Nxe6 {[%emt 0:00:14]} 25. Qb3 {[%emt 0:00:47]} Bxf3 {[%emt 0:00:44]} 26. Rxe6 {[%emt 0:02:25]} Qf7 {[%emt 0:00:04]} 27. gxf3 {[%emt 0:00:50]} Rxe5 {[%emt 0:00:06]} 0-1

[Event "RUS-chT Premier 2019"]
[Site "Sochi"]
[Date "2019.05.09"]
[Round "8.6"]
[White "Goganov, Aleksey"]
[Black "Golikov, Daniil"]
[Result "1-0"]
[WhiteElo "2570"]
[BlackElo "2271"]
[Annotator "ChessBase"]
[PlyCount "59"]
[EventDate "2019.05.01"]
[EventType "team-tourn"]
[EventCountry "RUS"]
[SourceTitle "playchess.com"]
[Source "ChessBase"]
[SourceQuality "1"]
[TimeControl "40/5400+30:1800+30"]

1. Nf3 {[%emt 0:00:00]} Nf6 {[%emt 0:00:00]} 2. c4 {[%emt 0:00:00]} c6 {[%emt 0:00:00]} 3. d4 {[%emt 0:00:49]} d5 {[%emt 0:00:00]} 4. e3 {[%emt 0:00:12]} e6 {[%emt 0:00:04]} 5. Bd3 {[%emt 0:00:17]} a6 {[%emt 0:00:22]} 6. b3 {[%emt 0:06:33]} Nbd7 {[%emt 0:02:53]} 7. O-O {[%emt 0:01:00]} Bd6 {[%emt 0:02:46]} 8. Nbd2 {[%emt 0:08:32]} O-O {[%emt 0:05:00]} 9. Bb2 {[%emt 0:05:56]} b5 {[%emt 0:08:40]} 10. e4 {[%emt 0:01:10]} bxc4 {[%emt 0:04:36]} 11. bxc4 {[%emt 0:00:05]} dxe4 {[%emt 0:05:02]} 12. Nxe4 {[%emt 0:00:06]} Nxe4 {[%emt 0:00:03]} 13. Bxe4 {[%emt 0:00:05]} Rb8 {[%emt 0:02:25]} 14. Qc2 {[%emt 0:00:38]} Nf6 {[%emt 0:00:12]} 15. Bd3 {[%emt 0:00:38]} c5 {[%emt 0:05:28]} 16. dxc5 {[%emt 0:01:59]} Bxc5 {[%emt 0:00:07]} 17. Rad1 {[%emt 0:05:17]} Qe7 {[%emt 0:01:24]} 18. Bxf6 {[%emt 0:01:47]} Qxf6 {[%emt 0:01:18]} 19. Bxh7+ {[%emt 0:00:05]} Kh8 {[%emt 0:00:07]} 20. Be4 {[%emt 0:00:25]} Rb2 {[%emt 0:01:29]} 21. Qa4 {[%emt 0:06:25]} Rb4 {[%emt 0:08:12]} 22. Qc2 {[%emt 0:03:35]} Rb2 {[%emt 0:00:40]} 23. Qa4 {[%emt 0:15:36]} Rb4 {[%emt 0:03:50]} 24. Qa5 {[%emt 0:00:21]} Rxc4 {[%emt 0:00:14]} 25. Nd2 {[%emt 0:01:20]} Rc3 {[%emt 0:03:25]} 26. Nb1 {[%emt 0:20:13]} Rc4 {[%emt 0:00:18]} 27. Nd2 {[%emt 0:00:12]} Rc3 {[%emt 0:00:09]} 28. Nb3 {[%emt 0:07:17]} Ba7 {[%emt 0:06:58]} 29. Qh5+ {[%emt 0:01:03]} Qh6 {[%emt 0:00:06]} 30. Qxf7 {[%emt 0:00:57]} 1-0

[Event "RUS-chT Premier 2019"]
[Site "Sochi"]
[Date "2019.05.09"]
[Round "8.7"]
[White "Chigaev, Maksim"]
[Black "Riazantsev, Alexander"]
[Result "1/2-1/2"]
[WhiteElo "2637"]
[BlackElo "2653"]
[Annotator "RC"]
[PlyCount "45"]
[EventDate "2019.05.01"]
[EventType "team-tourn"]
[EventCountry "RUS"]
[SourceTitle "playchess.com"]
[Source "ChessBase"]
[SourceQuality "1"]
[TimeControl "40/5400+30:1800+30"]

1. e4 {[%emt 0:00:00]} c6 {[%emt 0:00:00]} 2. d4 {[%emt 0:00:00]} d5 {[%emt 0:00:00]} 3. e5 {[%emt 0:00:00]} c5 {[%emt 0:00:00]} 4. dxc5 {[%emt 0:00:07]} e6 {[%emt 0:00:00]} 5. a3 {[%emt 0:00:05]} Bxc5 {[%emt 0:00:02]} 6. Qg4 {[%emt 0:00:06]} Ne7 {[%emt 0:00:51]} 7. Nf3 {[%emt 0:00:12]} Ng6 {[%emt 0:02:46]} 8. Bd3 {[%emt 0:02:18]} Nc6 {[%emt 0:01:01]} 9. Nc3 {[%emt 0:13:01]} h5 {[%emt 0:35:10]} 10. Qg3 {[%emt 0:09:27]} h4 {[%emt 0:00:22]} 11. Qg4 {[%emt 0:00:06]} Ncxe5 {[%emt 0:00:12]} 12. Nxe5 {[%emt 0:00:11]} Nxe5 {[%emt 0:00:02]} 13. Qxg7 {[%emt 0:00:12]} Nxd3+ {[%emt 0:05:05]} 14. cxd3 {[%emt 0:00:09]} Rh5 {[%emt 0:00:01]} 15. d4 {[%emt 0:00:28]} Bf8 {[%emt 0:08:38]} 16. Qg4 {[%emt 0:00:25]} Rf5 {[%emt 0:01:13]} 17. O-O {[%emt 0:01:33]} Bd7 {[%emt 0:01:24]} 18. Be3 {[%emt 0:03:20]} Qf6 {[%emt 0:02:32]} 19. Rac1 {[%emt 0:04:39]} Bd6 {[%emt 0:02:02]} 20. Qg8+ {[%emt 0:13:56]} Bf8 {[%emt 0:00:02]} 21. Qg4 {[%emt 0:00:17]} Bd6 {[%emt 0:00:04]} 22. Qg8+ {[%emt 0:11:28]} Bf8 {[%emt 0:00:03]} 23. Qg4 {[%emt 0:00:14]} 1/2-1/2

[Event "RUS-chT Premier 2019"]
[Site "Sochi"]
[Date "2019.05.09"]
[Round "8.8"]
[White "Motylev, Alexander"]
[Black "Paravyan, David"]
[Result "1/2-1/2"]
[WhiteElo "2650"]
[BlackElo "2610"]
[Annotator "TA"]
[PlyCount "49"]
[EventDate "2019.05.01"]
[EventType "team-tourn"]
[EventCountry "RUS"]
[SourceTitle "playchess.com"]
[Source "ChessBase"]
[SourceQuality "1"]

{[%evp 9,49,45,39,39,38,37,30,27,31,18,17,18,22,31,52,36,55,39,50,38,38,37,35,38,49,39,43,41,41,35,51,8,16,11,4,6,15,0,0,0,35,0]} 1. e4 e5 2. Nf3 Nc6 3. Bb5 g6 4. c3 a6 5. Ba4 Bg7 6. d4 {C70: Ruy Lopez: 3...a6 4 Ba4, Norwegian and Delayed Schliemann} exd4 7. cxd4 b5 8. Bb3 {White has an edge.} (8. Bc2 d6 9. d5 Na5 10. O-O Ne7 11. Bd2 Bxb2 12. Bxa5 Bxa1 13. Nc3 {1-0 (24) Navara,D (2733)-Salgado Lopez,I (2624) Germany 2019}) 8... Nge7 9. d5 Na5 $1 10. Bd2 Nxb3 11. axb3 d6 12. Bc3 Bxc3+ $146 ({Predecessor:} 12... f6 13. O-O O-O {1-0 (65) Yoo,C (2254)-Cornette,D (2404) Douglas 2017}) 13. Nxc3 Bg4 14. h3 (14. Qd4 {is more complex.} O-O 15. Nd2 c6 16. b4 cxd5 17. exd5 Bc8 18. O-O) 14... Bxf3 $1 15. Qxf3 O-O 16. O-O f5 17. Rfe1 fxe4 18. Qg4 e3 19. Rxe3 Nf5 20. Re6 Ng7 21. Re2 Qf6 22. Ne4 Qe5 23. Nc3 Qf6 24. Ne4 Qe5 25. Nc3 {Accuracy: White = 58%, Black = 85%.} 1/2-1/2